| 000 | 00955 a2200253 4500 | ||
|---|---|---|---|
| 003 | Nust | ||
| 005 | 20220719183307.0 | ||
| 010 | _a 99052146 | ||
| 020 | _a0070592926 (alk. paper) | ||
| 040 | _cNust | ||
| 082 | 0 | 0 | _a003.3,LAW |
| 100 | 1 |
_aLaw, Averill M. _993896 |
|
| 245 | 1 | 0 |
_aSimulation modeling and analysis / _cAverill M. Law, W. David Kelton. |
| 250 | _a3rd ed. | ||
| 260 |
_aBoston : _bMcGraw-Hill, _cc2000. |
||
| 300 |
_axxi, 760 p. : _bill. ; _c24 cm. |
||
| 440 | 0 |
_aMcGraw-Hill series in industrial engineering and management science _955555 |
|
| 650 | 0 |
_aDigital computer simulation. _962078 |
|
| 700 | 1 |
_aKelton, W. David. _961701 |
|
| 856 | 4 | 2 |
_3Contributor biographical information _uhttp://www.loc.gov/catdir/bios/mh041/99052146.html |
| 856 | 4 | 2 |
_3Publisher description _uhttp://www.loc.gov/catdir/description/mh023/99052146.html |
| 856 | 4 | 2 |
_3Table of contents _uhttp://www.loc.gov/catdir/toc/mh023/99052146.html |
| 942 |
_2ddc _cBK |
||
| 999 |
_c219336 _d219336 |
||